000 00258nam a2200121Ia 4500
005 20251222143316.0
008 251222s9999||||xx |||||||||||||| ||spa||
082 _a256.7/R77
100 _aRoguet, A.M.
245 0 _aLa Messe
264 _bCerf
942 _cLIB
999 _c15901
_d15901